Poskytovanie ubytovacích kapacít prostredníctvom Airbnb bakalárska práca

Enregistré dans:
Détails bibliographiques
Auteur principal: Morháč, Marek
Collectivité auteur: Obchodná fakulta EU. Katedra služieb a cestovného ruchu - zrušené
Autres auteurs: Litomerický, Juraj
Format: Livre
Langue:slovaque
Publié: Bratislava 2018
Tags: Ajouter un tag
Pas de tags, Soyez le premier à ajouter un tag!

MARC

LEADER 00000nbm a2200000 4500
001 0245119
005 20180906133719.5
041 0 |a slo 
044 |a SK 
245 1 0 |a Poskytovanie ubytovacích kapacít prostredníctvom Airbnb  |b bakalárska práca  |c Marek Morháč ; školiteľ: Juraj Litomerický 
264 1 |a Bratislava  |c 2018 
300 |a 57 s. 
100 1 |a Morháč, Marek 
700 1 |a Litomerický, Juraj 
710 2 |a Obchodná fakulta EU. Katedra služieb a cestovného ruchu - zrušené